000 00560nam a22001097a 4500
008 190708b xxu||||| |||| 00| 0 eng d
010 _aSCCAF:1C
245 _aSUPREME COURT CIVIL APPEAL NO.11 OF 2010 DR. SHEIKH AHMED MOHAMMED KISUULE VS GREENLAND BANK (IN LIQUIDATION)
260 _aSUPREME COURT KAMPALA
_c2011
500 _a(CORAM: ODOKI,CJ,TSEKOOKO,KITUMBA,TUMWESIGYE AND KISAAKYE JJ.S.C.)
500 _a[APPEAL AGAINST THE DECISION OF THE COURT OF APPEAL (MUKASA-KIKONYOGO DCJ,MPAYI-BAHIGEINE,KAVUMA JJA)DATED 11TH FEBRUARY,2009 IN CIVIL APPEAL NO 13 OF 2009]
999 _c8677
_d8677